|
|
|
|
| LEADER |
01162nam a2200301 a 4500 |
| 001 |
709 |
| 003 |
BD-DhAAL |
| 008 |
090504s1973 enka b 001 0 eng b |
| 999 |
|
|
|c 364
|d 364
|
| 010 |
|
|
|a 74594806
|
| 020 |
|
|
|a 0407351124
|
| 040 |
|
|
|a DLC
|c DLC
|d DLC
|d BD-DhAAL
|
| 082 |
0 |
0 |
|a 618.9200091724
|
| 100 |
1 |
|
|a Morley, David.
|9 41777
|
| 245 |
1 |
0 |
|a Paediatric priorities in the developing world.
|
| 260 |
|
|
|a London,
|b Butterworth,
|c 1973.
|
| 300 |
|
|
|a xiii, 470 pages :
|b illustrations ;
|c 23 cm.
|
| 490 |
1 |
|
|a Postgraduate paediatrics series
|
| 504 |
|
|
|a Includes bibliographical references (pages 435-451) and index.
|
| 541 |
|
|
|e 709
|
| 650 |
|
0 |
|a Pediatrics
|z Developing countries.
|9 41778
|
| 650 |
|
0 |
|a Child health services
|z Developing countries.
|9 41779
|
| 650 |
|
2 |
|a Child health services.
|9 41780
|
| 650 |
|
2 |
|a Pediatrics.
|9 41781
|
| 651 |
|
2 |
|a Developing countries.
|9 41782
|
| 852 |
|
|
|a Ayesha Abed Library
|c General Stacks
|
| 942 |
|
|
|2 ddc
|c BK
|
| 952 |
|
|
|0 0
|1 0
|2 ddc
|4 0
|6 618_920009172400000_MOR_1973
|7 0
|9 330
|a BRACUL
|b BRACUL
|c GEN
|d 2009-05-04
|g 0.00
|l 0
|o 618.9200091724 MOR
|p 3010000709
|r 2009-05-04
|t 1
|w 2009-05-04
|y BK
|x No price found in the accession register.
|